02867cam a22003494a 4500999001700000001000900017003000400026005001700030008004100047010001700088015001900105016001800124020003600142035002300178040005200201042000800253050002200261082001600283100004300299245008400342260005300426300004500479440003100524504006000555505164400615650002302259650004002282650004002322856007702362906004502439942003302484 c23487d2348713817129OSt20170126114440.0041216s2005 inua b s001 0 eng  a 2004029965 aGBA5865382bnb7 a0133112742Uk a0253346347 (cloth : alk. paper) a(OCoLC)ocm57344121 aDLCcDLCdOCLCQdBAKERdC#PdSYBdUKMdCOOdDLC apcc00aNA6310b.B76 200504a725/.312221 aBrown, Christopher,d1953 September 2-10aStill standing :ba century of urban train station design /cChristopher Brown. aBloomington :bIndiana University Press,cc2005. aix, 133 p. :bill. (some col.) ;c29 cm. 0aRailroads past and present aIncludes bibliographical references (p. 129) and index.00aThe visual survey -- Amiens Street Station (Connolly Station), Dublin -- Kingsbridge Station (Heuston Station) , Dublin -- Gare de Strasbourg (Gare de l'Est), Paris -- Paddington Station, London -- Gare du Nord, Paris -- St. Pancras Station, London -- Liverpool Street Station, London -- Central Station, Glasgow -- Queen Street Station, Glasgow -- Polk Street Depot (Dearborn Street Station), Chicago -- Centralbahnhof (Hauptbahnhof), Frankfurt-am-Main -- Musir Hamdi Pasa (Sirkeci Station), Istanbul -- Union Station, St. Louis -- Union Station (Pennsylvania Station), Pittsburgh -- Broad Street Station, Newark -- Galveston, Harrisburg & San Antonio Station (Southern Pacific Depot), San Antonio -- Bush Shed, Hoboken -- Union Station, Washington, D.C. -- Lackawanna Terminal, Hoboken -- Delaware, Lackawanna & Western Station (Lackawanna Station), Scranton -- Franz Josef Nadrazi (Hlavni Nadrazi), Prague -- Hovedbannegård, Copenhagen -- Union Station (Pennsylvania Station), Baltimore -- Grand Central Terminal, New York City -- Vancouver Station, Vancouver -- Union Depot (Santa Fe Depot), San Diego -- Estación Retiro, Buenos Aires -- Rautatieasema, Helsinki -- Union Station (Broad Street Station), Richmond -- Jacksonville Union Terminal, Jacksonville -- Union Station, Toronto -- Union Station, Chicago -- Hauptbahnhof, Stuttgart -- Railway Station, Auckland -- Pennsylvania Station (Thirtieth Street Station), Philadelphia -- Cincinnati Union Terminal, Cincinnati -- Pennsylvania Station, Newark -- Stazione di Santa Maria Novella, Florence -- Union Passenger Terminal (Union Station), Los Angeles -- Stazione Termini, Rome. 0aRailroad stations. 0aArchitecture, Moderny19th century. 0aArchitecture, Moderny20th century.413Table of contentsuhttp://www.loc.gov/catdir/toc/ecip055/2004029965.html a7bcbccorignewd1eecipf20gy-gencatlg 2lcccBOOKShTF 300 .B76 2005